000 00690nam a2200217 a 4500
999 _c11523
_d11523
001 11523
003 BD-JhCC
005 20191031114703.0
008 181027b1991 bg |||| ||a| 001 0 ben d
035 _a(BD-JhCC)11523
040 _aBD-JhCC
_dBD-JhCC
041 _aben
082 _bGHO 1991
_a891.4409
100 _aঘোষ, বিশ্বজিৎ
245 _aবাংলাদেশের সাহিত্য /
_cবিশ্বজিৎ ঘোষ ।
260 _aঢাকা:
_bবাংলা একাডেমী,
_c১৯৯১.
300 _a৩০৪ পৃ. :
_c২২ সেমি.
650 _aBengali Litutare
942 _2ddc
_cBK